Soziologie des jüdischen Volkes
| Autor principal: | |
|---|---|
| Tipo de documento: | Print Libro |
| Lenguaje: | Alemán |
| Publicado: |
Reinbek bei Hamburg
Rowohlt-Taschenbuch-Verl.
1965
|
| En: |
Rowohlts deutsche Enzyklopädie (217/218 : Sachgebiet Soziologie)
Año: 1965 |
| Disponibilidad en Tübingen: | Disponible en Tübingen. IFK: O XI 17 |
| Verificar disponibilidad: | HBZ Gateway |
| Servicio de pedido Subito: | Pedir ahora. |
| Palabras clave: |
MARC
| LEADER | 00000cam a2200000 c 4500 | ||
|---|---|---|---|
| 001 | 1072153912 | ||
| 003 | DE-627 | ||
| 005 | 20260206204012.0 | ||
| 007 | tu | ||
| 008 | 850101s1965 gw ||||| 00| ||ger c | ||
| 035 | |a (DE-627)1072153912 | ||
| 035 | |a (DE-603)061268259 | ||
| 035 | |a (DE-576)002153912 | ||
| 035 | |a (DE-599)BSZ002153912 | ||
| 035 | |a (OCoLC)256326953 | ||
| 035 | |a (OCoLC)01806746 | ||
| 035 | |a (OCoLC)1806746 | ||
| 035 | |a (DE-615)00117336 | ||
| 040 | |a DE-627 |b ger |c DE-627 |e rakwb | ||
| 041 | |a ger |h heb | ||
| 044 | |c XA-DE | ||
| 084 | |a RG02.15 |2 fivr | ||
| 084 | |a RQ |2 fivr | ||
| 084 | |a SA02 |2 fivs | ||
| 084 | |a SG09 |2 fivs | ||
| 084 | |a 1 |a 0 |2 ssgn | ||
| 084 | |a DV 2350 |2 rvk |0 (DE-625)rvk/20117: | ||
| 084 | |a AE 70400 |2 rvk |0 (DE-625)rvk/699:1836 | ||
| 084 | |a NY 1700 |2 rvk |0 (DE-625)rvk/132330: | ||
| 084 | |a MS 3400 |2 rvk |0 (DE-625)rvk/123680: | ||
| 084 | |a BD 1200 |2 rvk |0 (DE-625)rvk/9819: | ||
| 100 | 1 | |a Rudy, Zvi |d 1900-1972 |0 (DE-588)13406187X |0 (DE-627)560209576 |0 (DE-576)300286066 |4 aut | |
| 109 | |a Rudy, Zvi 1900-1972 |a Rudy, Tsevi 1900-1972 |a Rudy, H. 1900-1972 |a Rudy, Hirsch 1900-1972 |a Rudy, Zvi Hirsch 1900-1972 |a Rudy, Ts. 1900-1972 |a Rudi, Zwi 1900-1972 | ||
| 240 | 1 | 0 | |a Ha-sotsiyologiyah shel ha-'am hayedhidi <dt.> |
| 245 | 1 | 0 | |a Soziologie des jüdischen Volkes |c Zvi Rudy |
| 246 | 3 | 3 | |a Jüdische Volk |
| 264 | 1 | |a Reinbek bei Hamburg |b Rowohlt-Taschenbuch-Verl. |c 1965 | |
| 300 | |a 235 S. |b Ill., graph. Darst. |c 8° | ||
| 336 | |a Text |b txt |2 rdacontent | ||
| 337 | |a ohne Hilfsmittel zu benutzen |b n |2 rdamedia | ||
| 338 | |a Band |b nc |2 rdacarrier | ||
| 490 | 1 | |a Rowohlts deutsche Enzyklopädie |v 217/218 |a Sachgebiet Soziologie | |
| 500 | |a Der hier vorgelegte Text wurde eigens für Rowohlts deutsche Enzyklopädie vom Autor aus d. Hebräischen übers. u. umgearbeitet | ||
| 505 | 8 | |a Literaturverz. S. 229 - 231 | |
| 583 | 1 | |a Archivierung/Langzeitarchivierung gewährleistet |c 20211026 |f SLG |x XA-DE-BW |z Buchnachlass |2 pdager |5 DE-25 | |
| 583 | 1 | |a Archivierung/Langzeitarchivierung gewährleistet |c 20211220 |f SLG |x XA-DE-BW |z Provenienz |2 pdager |5 DE-25 | |
| 583 | 1 | |a Massenentsäuert |c 2010 |k DE-18 |2 pdager |5 DE-18-64 | |
| 583 | 1 | |a Archivierung/Langzeitarchivierung gewährleistet |f SSG |x XA-DE-BW |2 pdager |5 DE-21 | |
| 650 | 0 | 7 | |0 (DE-588)4114087-4 |0 (DE-627)104603151 |0 (DE-576)20948182X |a Judentum |2 gnd |
| 650 | 0 | 7 | |0 (DE-588)4020517-4 |0 (DE-627)106317768 |0 (DE-576)208933697 |a Geschichte |2 gnd |
| 650 | 0 | 7 | |0 (DE-588)4162051-3 |0 (DE-627)104819154 |0 (DE-576)209870583 |a Internationale Migration |2 gnd |
| 650 | 0 | 7 | |0 (DE-588)4012089-2 |0 (DE-627)106350013 |0 (DE-576)208896791 |a Diaspora |g Religion |2 gnd |
| 650 | 0 | 7 | |0 (DE-588)4002333-3 |0 (DE-627)10639374X |0 (DE-576)208846603 |a Antisemitismus |2 gnd |
| 650 | 0 | 7 | |0 (DE-588)4041300-7 |0 (DE-627)106219758 |0 (DE-576)209044373 |a Nationalismus |2 gnd |
| 650 | 0 | 7 | |0 (DE-588)4067864-7 |0 (DE-627)106107259 |0 (DE-576)209171839 |a Zionismus |2 gnd |
| 650 | 0 | 7 | |0 (DE-588)4028808-0 |0 (DE-627)10430670X |0 (DE-576)208979565 |a Juden |2 gnd |
| 650 | 0 | 7 | |0 (DE-588)4077624-4 |0 (DE-627)104152036 |0 (DE-576)209205849 |a Soziologie |2 gnd |
| 650 | 4 | |a Israel |x Global |x Judentum |x Juden |x Geschichte |x Internationale Migration |x Diaspora |x Antisemitismus |x Nationalismus |x Zionismus | |
| 651 | 7 | |0 (DE-588)4027808-6 |0 (DE-627)104767804 |0 (DE-576)208972358 |a Israel |2 gnd | |
| 651 | 7 | |0 (DE-588)1135962553 |0 (DE-627)890988382 |0 (DE-576)490197698 |a Erde |2 gnd | |
| 689 | 0 | 0 | |d s |0 (DE-588)4028808-0 |0 (DE-627)10430670X |0 (DE-576)208979565 |a Juden |2 gnd |
| 689 | 0 | |5 (DE-627) | |
| 700 | 1 | 2 | |a Rudy, Zvi |d 1900-1972 |t Ha-sotsiyologiyah shel ha-'am hayedhidi <dt.> |
| 830 | 0 | |a Rowohlts deutsche Enzyklopädie |v 217/218 : Sachgebiet Soziologie |9 217/218 |w (DE-627)130741973 |w (DE-576)010912312 |w (DE-600)985674-2 |7 am | |
| 889 | |w (DE-576)492823162 | ||
| 889 | |w (DE-627)635132850 | ||
| 889 | |w (DE-627)1562823167 | ||
| 935 | |a mteo | ||
| 935 | |i mdedup | ||
| 935 | |h HEB |i 0501 | ||
| 935 | |h HEB |i 0503 | ||
| 936 | r | v | |a DV 2350 |b Israel |k Pädagogik |k Vergleichende Erziehungswissenschaft |k Länder I |k Israel |0 (DE-627)1270810383 |0 (DE-625)rvk/20117: |0 (DE-576)200810383 |
| 936 | r | v | |a AE 70400 |b Griechenland |k Allgemeines |k Enzyklopädien, allgemeine Nachschlagewerke |k Allgemeine Nachschlagewerke |k Staaten |k Europa |k Südeuropa |k Griechenland |0 (DE-627)1271719983 |0 (DE-625)rvk/699:1836 |0 (DE-576)201719983 |
| 936 | r | v | |a NY 1700 |b Allgemeines |k Geschichte |k Geschichte der Juden |k Geistes- und Kulturgeschichte |k Allgemeines |0 (DE-627)1271460475 |0 (DE-625)rvk/132330: |0 (DE-576)201460475 |
| 936 | r | v | |a MS 3400 |b Juden; Antisemitismus |k Soziologie |k Spezielle Soziologien |k Soziologie der Minoritäten und Randgruppen |k Juden; Antisemitismus |0 (DE-627)1271441039 |0 (DE-625)rvk/123680: |0 (DE-576)201441039 |
| 936 | r | v | |a BD 1200 |b Allgemeine Gesamtdarstellungen zum Judentum, Einführungen |k Theologie und Religionswissenschaften |k Judaistik |k Allgemeines |k Gesamtdarstellungen |k Allgemeine Gesamtdarstellungen zum Judentum, Einführungen |0 (DE-627)1270704427 |0 (DE-625)rvk/9819: |0 (DE-576)200704427 |
| 936 | f | i | |0 (DE-627)1756133700 |a RG02.15 |b Israel |k Naher und Mittlerer Osten und Nordafrika |k Arabischer Osten/Israel |k Israel |2 fivr |
| 936 | f | i | |0 (DE-627)1756134707 |a RQ |b Weltweit |k Weltweit |2 fivr |
| 936 | f | i | |0 (DE-627)1756135258 |a SA02 |b Geschichte |k Allgemeine Literatur |k Geschichte |2 fivs |
| 936 | f | i | |0 (DE-627)1756136092 |a SG09 |b Religion/Religionsgemeinschaften |k Gesellschaft |k Religion/Religionsgemeinschaften |2 fivs |
| 936 | s | n | |a a100 |2 mzub |
| 936 | s | n | |a b100 |2 mzub |
| 936 | s | n | |a d100 |2 mzub |
| 936 | s | n | |a m200 |2 mzub |
| 936 | s | n | |a n100 |2 mzub |
| 938 | 1 | 0 | |0 (DE-627)1756159610 |0 (DE-615)6602415 |a Israel |2 fivt |
| 938 | 1 | 0 | |0 (DE-627)1756180598 |0 (DE-615)6608724 |a Global |2 fivt |
| 938 | 1 | 0 | |0 (DE-627)1756140421 |0 (DE-615)6604116 |a Judentum |2 fivt |
| 938 | 1 | 0 | |0 (DE-627)1756178755 |0 (DE-615)6609356 |a Juden |2 fivt |
| 938 | 1 | 0 | |0 (DE-627)1756176590 |0 (DE-615)6603664 |a Geschichte |2 fivt |
| 938 | 1 | 0 | |0 (DE-627)1756152411 |0 (DE-615)6607969 |a Internationale Migration |2 fivt |
| 938 | 1 | 0 | |0 (DE-627)1756154279 |0 (DE-615)6607164 |a Diaspora |2 fivt |
| 938 | 1 | 0 | |0 (DE-627)1756181357 |0 (DE-615)6608133 |a Antisemitismus |2 fivt |
| 938 | 1 | 0 | |0 (DE-627)1756183988 |0 (DE-615)6607777 |a Nationalismus |2 fivt |
| 938 | 1 | 0 | |0 (DE-627)1756139040 |0 (DE-615)6604222 |a Zionismus |2 fivt |
| 951 | |a BO | ||
| ELC | |b 1 | ||
| LOK | |0 000 xxxxxcx a22 zn 4500 | ||
| LOK | |0 001 2016049421 | ||
| LOK | |0 003 DE-627 | ||
| LOK | |0 004 1072153912 | ||
| LOK | |0 005 20020607000000 | ||
| LOK | |0 008 930607||||||||||||||||ger||||||| | ||
| LOK | |0 040 |a DE-21-110 |c DE-627 |d DE-21-110 | ||
| LOK | |0 852 |a DE-21-110 | ||
| LOK | |0 852 1 |c O XI 17 |m p |9 00 | ||
| LOK | |0 935 |a k110 | ||
| LOK | |0 936ln |a 7.3.1.5 | ||
| LOK | |0 938 |k p | ||
| LOK | |0 939 |a 07-06-93 |b l01 | ||
| ORI | |a SA-MARC-krimdoka001.raw | ||
| SIG | |a IFK: O XI 17 | ||
